Biotecnología y propiedad intelectual en el agro / (Registro nro. 12602)
[ vista simple ]
| 000 -LEADER | |
|---|---|
| fixed length control field | 00970nam a2200217Ia 4500 |
| 003 - CONTROL NUMBER IDENTIFIER | |
| control field | OSt |
| 005 - DATE AND TIME OF LATEST TRANSACTION | |
| control field | 20211012124735.0 |
| 008 - FIXED-LENGTH DATA ELEMENTS--GENERAL INFORMATION | |
| fixed length control field | 210310s2004 ck gr 000 0 spa d |
| 040 ## - CATALOGING SOURCE | |
| Original cataloging agency | CO-JMCR |
| Transcribing agency | CO-JMCR |
| 041 0# - LANGUAGE CODE | |
| Language code of text/sound track or separate title | spa |
| 082 04 - DEWEY DECIMAL CLASSIFICATION NUMBER | |
| Classification number | 660.6 / |
| Item number | C227b |
| Edition number | 23 |
| 100 1# - MAIN ENTRY--PERSONAL NAME | |
| Personal name | Cano, Carlos Gustavo, |
| Relator term | autor |
| 9 (RLIN) | 41116 |
| 245 10 - TITLE STATEMENT | |
| Title | Biotecnología y propiedad intelectual en el agro / |
| Statement of responsibility, etc. | Carlos Gustavo Cano |
| 260 ## - PUBLICATION, DISTRIBUTION, ETC. | |
| Date of publication, distribution, etc. | 2004 |
| Place of publication, distribution, etc. | Bogotá : |
| Name of publisher, distributor, etc. | Ministerio de Agricultura y Desarrollo Rural |
| 300 ## - PHYSICAL DESCRIPTION | |
| Extent | 58 páginas ; |
| Dimensions | 21 cm. |
| 505 0# - FORMATTED CONTENTS NOTE | |
| Formatted contents note | La industria de las ciencias de la vida. -- Los materiales transgénicos. -- La dimensión bioética. -- Otros argumentos. -- Los alimentos nutracéuticos de la confrontación. -- Técnica a la comercial. -- La trampa de la desigualdad. -- Las opciones del trópico. |
| 650 14 - SUBJECT ADDED ENTRY--TOPICAL TERM | |
| Topical term or geographic name entry element | Biotecnología |
| 9 (RLIN) | 13123 |
| 650 24 - SUBJECT ADDED ENTRY--TOPICAL TERM | |
| Topical term or geographic name entry element | Propiedad intelectual |
| General subdivision | Agro |
| 9 (RLIN) | 41117 |
| 650 24 - SUBJECT ADDED ENTRY--TOPICAL TERM | |
| Topical term or geographic name entry element | Biotecnología |
| General subdivision | Aplicada a la agroindustria |
| 9 (RLIN) | 41118 |
| 942 ## - ADDED ENTRY ELEMENTS (KOHA) | |
| Source of classification or shelving scheme | Dewey Decimal Classification |
| Koha item type | Books |
| Withdrawn status | Lost status | Source of classification or shelving scheme | Damaged status | Not for loan | Home library | Current library | Shelving location | Date acquired | Source of acquisition | Total Checkouts | Full call number | Barcode | Date last seen | Date last checked out | Copy number | Price effective from | Koha item type |
|---|---|---|---|---|---|---|---|---|---|---|---|---|---|---|---|---|---|
| Dewey Decimal Classification | Biblioteca Pública José María del Castillo y Rada | Biblioteca Pública José María del Castillo y Rada | General Stacks | 04/15/2018 | Donación | 1 | 660.6 / C227b | 430005169 | 05/16/2024 | 01/29/2024 | Ej.1 | 03/10/2021 | Books |